000 00597nam a2200193Ia 4500
008 131103s9999 xx 000 0 und d
040 _aLoreto College
041 _aEnglish
082 _a370.15/HUG
_bLCLIB(press)/
100 _aA.G.Hughes and E.H.Hughes
245 _aLearning and teaching
_b An introduction to psychology and education
_cA.G.Hughes and E.H.Hughes
260 _aLondon
_bLongmans
_c1959
300 _a484p.
_c 22cm.
504 _aIncludes index
650 _aEducation - Educational Psychology
700 _aHughes, E.H; ed.
850 _aLCLIB/370.15/HUG
942 _cBK
999 _c24797
_d75276